000 00832nam a22002057a 4500
999 _c11546
_d11546
003 AR-CdUCM
008 190404b ||||| |||| 00| 0 spa d
040 _aMUNICIPALIDAD PROVINCIAL DEL CUSCO
_cBIBLIOTECA MUNICIPAL DEL CUSCO
082 _a346.211 /
_bF38 / 1947
100 _aFernandez Clerigo, Luis
_926466
245 _aEl derecho de familia en la legislación comparada /
260 _aMéxico :
_bHispano americano,
_c1947.
300 _a563 paginas ;
_c23 cm.
505 _aContenido :El concepto de matrimonio -- El matrimonio religioso y el sacramental -- El matrimonio como contrato -- Actos previos o preparatorios para la celebración del matrimonio...
650 _aMatrimonio
_917105
650 _aDerecho de la familia
_928965
650 _aLegislacion
_96380
942 _2ddc
_cLIBROS
945 _awnts
_d2019-04-04